Normal view
MARC view
Entry Topical Term
001 - CONTROL NUMBER
- control field: 21910
003 - CONTROL NUMBER IDENTIFIER
- control field: ARRUPE
005 - DATE AND TIME OF LATEST TRANSACTION
- control field: 20160128145353.0
008 - FIXED-LENGTH DATA ELEMENTS
- fixed length control field: 160128|| aca||aabn | a|a d
040 ## - CATALOGING SOURCE
- Original cataloging agency: ARRUPE
- Transcribing agency: ARRUPE
150 ## - HEADING--TOPICAL TERM
- Topical term or geographic name as entry element: Natural history
- Geographic subdivision: Amazon River Valley.
670 ## - SOURCE DATA FOUND
- Source citation: Work cat.: (ARRUPE)0: Wallace, Alfred Russel, 1823-1913. 21909, A narrative of travels on the Amazon and Rio Negro,, 1889.